Rip it, tear it: (Record no. 2235)

MARC details
000 -LEADER
fixed length control field 00599nam a22002057a 4500
005 - DATE AND TIME OF LATEST TRANSACTION
control field 20231113112022.0
020 ## - INTERNATIONAL STANDARD BOOK NUMBER
International Standard Book Number 9780545152303
040 ## - CATALOGING SOURCE
Original cataloging agency FISKH
Language of cataloging eng
Transcribing agency FISKH
Modifying agency FISKH
082 ## - DEWEY DECIMAL CLASSIFICATION NUMBER
Classification number 676
100 ## - MAIN ENTRY--PERSONAL NAME
Personal name Nelson, May
245 ## - TITLE STATEMENT
Title Rip it, tear it:
Remainder of title Paper /
Statement of responsibility, etc. INVESTIGATE MATERIALS by May Nelson
260 ## - PUBLICATION, DISTRIBUTION, ETC.
Place of publication, distribution, etc. New York :
Name of publisher, distributor, etc. Scholastic,
Date of publication, distribution, etc. 2008
300 ## - PHYSICAL DESCRIPTION
Extent 28 pages :
Other physical details illustrations
Dimensions 22 cm
505 ## - FORMATTED CONTENTS NOTE
Formatted contents note F
520 ## - SUMMARY, ETC.
Summary, etc. Can a brown book be green? Find out how old paper can be turned into a new brown book.
521 ## - TARGET AUDIENCE NOTE
Target audience note 360
Source Lexile
521 ## - TARGET AUDIENCE NOTE
Target audience note F
Source Raz-Plus
942 ## - ADDED ENTRY ELEMENTS (KOHA)
Source of classification or shelving scheme Dewey Decimal Classification
Koha item type Books
Suppress in OPAC No
999 ## -
-- 2235
-- 2235
Holdings
Withdrawn status Lost status Source of classification or shelving scheme Damaged status Not for loan Collection Home library Current library Shelving location Date acquired Total Checkouts Full call number Barcode Date last seen Date last checked out Copy number Price effective from Koha item type
    Dewey Decimal Classification     Non-Fiction Footprints International School Library Network Toul Kork Campus Footprints International School Library Network Toul Kork Campus TK Primary Library Room(4th Floor), Bookcase 7, Shelves 57-60, Dark Green Books 11/13/2023 1 NEL 676 FISTK02187 03/14/2024 03/07/2024 1 11/13/2023 Books
    Dewey Decimal Classification     Non-Fiction Footprints International School Library Network Toul Kork Campus Footprints International School Library Network Toul Kork Campus   11/13/2023   NEL 676 FISBK06391 01/19/2024   2 11/13/2023 Books